000
00275nam a2200121Ia 4500
008
220216s9999 xx 000 0 und d
100
_a
Fujita K
245
0
_a
Another antarctic rhythm
260
_b
Nature
_c
2011
300
_a
45-46
650
_a
Climate change
942
_c
JS
999
_c
54301
_d
54301